000 00797nam a2200253 i 4500
001 000028156
003 DO-SdBNP
005 20230523152257.0
007 ta
008 110407s1985 dr bc r 000 0 spa d
040 _aDO-SdBNP
_bspa
_cBNPHU
_erda
082 4 _bC679p
_222
245 0 3 _a"La poesía sorprendida" :
_bantología poética /
_ceditor Rodolfo Coiscou Weber.
264 1 _aSanto Domingo :
_bLibros y Textos,
_c1985.
300 _a48 páginas :
_bilustraciones ; retratos ;
_c16 cm.
336 _2rdacontent
_atexto
_btxt
337 _2rdamedia
_asin mediación
_bn
338 _2rdacarrier
_avolumen
_bnc
490 _aAntología de Nuestra Voz
_v16
590 _aInventariado, 2023/BT
700 1 _aCoiscou Weber, Rodolfo,
_eeditor
_919739
910 _aBtavarez
942 _2ddc
_cLBS1
999 _c27648
_d27648